=LDR 00000nam 2200000 4500 =001 INLIS000000000024448 =005 20201203083854 =035 ##$$a 0010-061300000024448 =008 201203################g##########0#ind## =041 ##$$a Ind =082 ##$$a 2X9.873 =090 ##$$a 2X9.873, Wah k =245 ##$$a Kontektualisasi doktrin islam dalam sejarah /$c editor, Budhy Munawar-Rachman =260 ##$$a Jakarta :$b Paramadina,$c 1995 =300 ##$$a 727 hlm, 21 cm ; $c 20 x 14 cm. =650 #4$$a Islam Sejarah =850 ##$$a NBPNMAT =084 ##$$a 2X9.873 KON =250 ##$$a cet. 2 =700 #$$a Budhy Munawar-Rachman =990 ##$$a 92.709/pb-96